000 01141nam a22002657a 4500
005 20170124102948.0
010 _aA-769026
020 _c250.00
035 _aA-769026
037 _bCen Lib/Ret
040 _aDPL
_bHN
082 _a821.08
_bशर्माज
100 _aशर्मा, जगमोहन
_950667
245 _aस्वछन्दतावाद और दिनकर का काव्य /
_cजगमोहन शर्मा
246 _aSwanchndtavaad or dinkar ka kavy /
_bby Jagmohan Sharma
260 _bशारदा प्रकाशन
_c1995
_aनयी दिल्ली
270 _bनयी दिल्ली
_a16/F-3, अंसारी रोड, दरयागंज
_e110002
300 _a295पृ.
_c21सेमी(सजिल्द )
500 _aसन्दर्भ सूची शामिल
650 _aहिंदी साहित्य
_x
_z
_950668
650 _aस्वछन्दतावाद
_9560
650 _aHindi literature
_950669
650 _aSwcndtawad
_950670
942 _2ddc
_cHN
_h821.08
_mशर्माज
999 _c113108
_d113108